| 000 | 00622 a2200253 4500 | ||
|---|---|---|---|
| 001 | 200044284 | ||
| 999 |
_c200044284 _d37913 |
||
| 003 | TR-AnTOB | ||
| 005 | 20190322123042.0 | ||
| 008 | 160506b 9999tu qr0p 0 0 | ||
| 022 | _a0384-9864 | ||
| 040 | _aTR-AnTOB | ||
| 041 | _aeng | ||
| 050 |
_aQD1 _b.C66 1992 |
||
| 099 | _aJOURNAL - CONG | ||
| 130 | _aCongressus Numerantium | ||
| 245 | 0 | _aCongressus numerantium | |
| 260 |
_aWinnipeg, Man.: _bUtilitas Mathematica, _c1992. |
||
| 300 |
_a222p. _bill.; |
||
| 310 | _aÜç ayda bir. | ||
| 490 | 0 | _aCongressus Numerantium; | |
| 710 |
_aUtilitas Mathematica _980966 |
||
| 942 | _cCR | ||